|
|
|
|
| LEADER |
00000nam a2200000Ii 4500 |
| 001 |
DIGEDPBR0357 |
| 003 |
NyNyDIG |
| 006 |
m o d |
| 007 |
cr ||||||||||| |
| 008 |
260105s2014 sp a ob 001 0 spa d |
| 035 |
|
|
|a (OCoLC)1228038713
|
| 040 |
|
|
|a DGITA
|b eng
|e rda
|e pn
|c DGITA
|
| 020 |
|
|
|a 9788499109312
|q ePub
|
| 020 |
|
|
|z 9788499104539
|
| 041 |
1 |
|
|a spa
|h eng
|
| 050 |
1 |
4 |
|a SF426 ebook
|
| 110 |
2 |
|
|a Monks of New Skete,
|e author.
|
| 240 |
1 |
0 |
|a Art of raising a puppy.
|l Spanish
|s (Albarracín Piqueras)
|
| 245 |
1 |
3 |
|a El arte de criar un cachorro /
|c The Monks of New Skete ; traducción, Aitor Albarracín Piqueras, Lluís Delgado Pico.
|
| 250 |
|
|
|a Primera edición.
|
| 264 |
|
1 |
|a [Barcelona] :
|b Editorial Paidotribo,
|c [2014]
|
| 300 |
|
|
|a 1 online resource :billustrations.
|
| 336 |
|
|
|a text
|b txt
|2 rdacontent
|
| 337 |
|
|
|a computer
|b c
|2 rdamedia
|
| 338 |
|
|
|a online resource
|b cr
|2 rdacarrier
|
| 347 |
|
|
|a text file
|2 rdaft
|
| 347 |
|
|
|b EPUB
|
| 504 |
|
|
|a Includes bibliographical references and index.
|
| 588 |
0 |
|
|a Online resource; title from ePub title page (Digitalia, viewed January 5, 2026)
|
| 650 |
|
0 |
|a Puppies.
|
| 650 |
|
0 |
|a Puppies
|x Training.
|
| 700 |
1 |
|
|a Albarracín Piqueras, Aitor,
|e translator.
|
| 700 |
1 |
|
|a Delgado, Lluís,
|e translator.
|
| 700 |
1 |
|
|i Translation of:
|a Monks of New Skete.
|t Art of raising a puppy.
|
| 791 |
2 |
|
|a Digitalia (Firm),
|e distributor.
|
| 793 |
0 |
|
|g Digitalia eBook Collection:
|a Editorial Paidotribo
|
| 776 |
0 |
8 |
|i Print version:
|a Monks of New Skete.
|s Art of raising a puppy. Spanish (Albarracín Piqueras).
|t Arte de criar un cachorro.
|b Primera edición.
|d [Barcelona] : Editorial Paidotribo, [2014]
|z 9788499104539
|
| 856 |
4 |
0 |
|3 Digitalia Hispánica
|u https://www.digitaliapublishing.com/a/160006/
|
| 910 |
|
|
|a Premium collection: 2026
|